| 000 | 00514nam a22001817a 4500 | ||
|---|---|---|---|
| 003 | CEME | ||
| 005 | 20210628202742.0 | ||
| 008 | 210203b xxu||||| |||| 00| 0 eng d | ||
| 020 | _a0-89871-382-X | ||
| 040 | _c. | ||
| 082 | _a519.72 WRI | ||
| 100 |
_aWright, Stephen J _961431 |
||
| 245 | _aPrimal dual interior point methods | ||
| 260 |
_aUSA _bSOCIETY FOR INDUSTRIAL & APPLIED MATHEMATICS _c1997 |
||
| 300 | _aXX,289P | ||
| 650 |
_aLINEAR PORGRAMMING, MATHEMATIOCAL OPTIMIZATION _961432 |
||
| 942 |
_cBK _2ddc |
||
| 999 |
_c570886 _d570886 |
||